000 00417nam a2200169Ia 4500
003 GCL
008 140319s9999 xx 000 0 eng d
040 _aGCL /
_cGCL
082 0 4 _a220
_bR H
100 1 _aROPS, DANIEL
245 1 0 _aHISTOIRE SAINTE: LE PEUPLE DE LA BIBLE /
_cROPS, DANIEL
260 _a[S.N] :
_bFAYARD ،
_c1979
300 _a334 P
650 0 4 _aRELIGION
650 0 4 _aCHURCHES
942 _2ddc
_cBK
999 _c21518
_d21518